000 00700nam a2200205Ia 4500
003 GCL
008 140319s9999 xx 000 0 ara d
040 _aGCL /
_cGCL
082 0 4 _a342.04
_bخ ت
100 1 _aخالد سماره الزغبى
245 1 0 _aتشكيل المجالس المحلية واثرة على كفايتها /
_cخالد سماره الزغبى
260 _a[S.N] :
_bمنشاة المعارف الاسلامية
490 _aالكتب القانونية
_v0
650 0 4 _aالقانون
650 0 4 _aالتشريع
650 0 4 _aالقانون العام
650 0 4 _aالقانون الادارى
650 0 4 _aالقانون الدستورى
942 _2ddc
_cBK
999 _c35409
_d35409